| 000 | 01218nam a2200229Ia 4500 | ||
|---|---|---|---|
| 001 | A940-35631 | ||
| 003 | IT-CnALBA | ||
| 008 | 170116s9999||||xx |||||||||||||| ||und|| | ||
| 040 |
_aIT-CnALBA _cIT-CnALBA |
||
| 041 | _aLATINO | ||
| 100 | _aSVETONIO CAIO TRANQUILLO | ||
| 245 | 0 | _aDE CAESARIBUS XII. COMMENTARIUS. | |
| 250 | _a1a ed. | ||
| 260 |
_a LUGDUNI BAT. _bOFFICINA (EX) HACKII F. _c1662 [1° Ed.:1662 - Ed.Ling.Originale: 1662] |
||
| 300 | _a845 p. (prefazione: 20) | ||
| 500 | _aGIULIO CESARE. OTTAVIANO AUGUSTO. CALIGOLA. CLAUDIO. GRAMMATICI E RETORICI. DEDICA A COSTANTINO EUGENIO. VITA DI SVETONIO. FRAMMENTI. INDICE DEI LIBRI. ALTRI IMPERATORI, OTHO, VITELLIO. VESPASIANO. DOMIZIANO. MEDAGLIE IMPERIALI. INDICE ANALITICO. ISCRIZIO | ||
| 501 | _aSocietà San Paolo EM - Piazza San Paolo, 14 - 12051 ALBA (CN) (non commercial uses only) ® Copyright 2017 | ||
| 520 | _aGIULIO CESARE. OTTAVIANO AUGUSTO. CALIGOLA. CLAUDIO. GRAMMATICI E RETORICI. DEDICA A COSTANTINO EUGENIO. VITA DI SVETONIO. FRAMMENTI. INDICE DEI LIBRI. ALTRI IMPERATORI, OTHO, VITELLIO. VESPASIANO. DOMIZIANO. MEDAGLIE IMPERIALI. INDICE ANALITICO. ISCRIZIO | ||
| 650 | _aSTORIA ANTICA | ||
| 942 | _cBK | ||
| 957 | _71 | ||
| 999 |
_a40395 _bSI _g Copie: 1 _c294458 _d294458 |
||